• 首页
  • 本馆介绍
  • 公告通知
  • 最新文献
  • 馆藏检索
  • 电子资源
  • 读者导购
  • 参考咨询
  • 我的图书馆
  • 登录
  • 详细信息显示
  • 放入我的书架
  • 预约/预借图书
  • 作者相关作品
  • 分类相关作品
  • 丛书相关作品
  • 出版社相关作品

书目信息

  • 表格格式
  • 工作单格式
  • 卡片格式
题名:
拉丁美洲游击战运动
    
 
作者: 戈特 著 ;复旦大学历史系拉丁美洲研究室 译
分册:  
出版信息: 上海   上海人民出版社  1975
页数: 594页
开本: 20cm
丛书名:
单 册:
中图分类: K731.53
科图分类:
主题词: 现代史--拉丁美洲
电子资源:
ISBN:
000 00754nam0 2200241 45
001 0175003276
005 20061115082154.70
010    @dCNY1.45
100    @a19951019d1975 em y0chiy0121 ea
101 1  @achi@ceng
102    @aCN@b310000
105    @ay z 000yy
200 10 @a拉丁美洲游击战运动@Ala ding mei zhou you ji zhan yun dong@f(英)R.戈特著@g复旦大学历史系拉丁美洲研究室译
210    @a上海@c上海人民出版社@d1975
215    @a594页@d20cm
606    @a现代史@y拉丁美洲
607    @a拉丁美洲@x现代史
690    @aK731.53@v3
701  1 @a戈特@Age te@bR.@4著
712 02 @a复旦大学历史系拉丁美洲研究室@Afu dan da xue li shi xi la ding mei zhou yan jiu shi@4译
801  2 @aCN@bNLC@c20061115
801  0 @aCN@bTSSF
905    @a10447@dK731.53@e5
    
    拉丁美洲游击战运动/(英)R.戈特著/复旦大学历史系拉丁美洲研究室译.-上海:上海人民出版社,1975
    594页;20cm
    
    
    ISBN :CNY1.45
    
●
相关链接 在E读中查询图书 在五车中查询图书 在当当中查询图书 在豆瓣中查询图书


正题名:拉丁美洲游击战运动     索取号:K731.53/5         预约/预借

序号 登录号 条形码 馆藏地/架位号 状态 备注
1 0178540   001413713   第二样本阅览室/ [索取号:K731.53/5] 在馆    
唐山师范学院图书馆 欢迎您!
大连网信软件有限公司© 版权所有